书目信息 |
| 题名: |
离散数学基础及实用算法
|
|
| 作者: | 吴修国 主编 | |
| 分册: | ||
| 出版信息: | 北京 清华大学出版社 2009 |
|
| 页数: | 266页 | |
| 开本: | 26cm | |
| 丛书名: | ||
| 单 册: | ||
| 中图分类: | O158 , O241 | |
| 科图分类: | ||
| 主题词: | 离散数学--高等学校--教材 , 算法理论--高等学校--教材 , 离散数学 , 算法理论 | |
| 电子资源: | ||
| ISBN: | 978-7-302-19762-1 | |
| 000 | 00887nam0 2200277 45 | |
| 005 | 20100303153249.23 | |
| 010 | @a978-7-302-19762-1@dCNY26.00 | |
| 100 | @a20100108d2009 em y0chiy0110 ea | |
| 101 | 0 | @achi |
| 102 | @aCN@b110000 | |
| 105 | @ay z 000yy | |
| 106 | @ar | |
| 200 | 1 | @a离散数学基础及实用算法@ALi San Shu Xue Ji Chu Ji Shi Yong Suan Fa@f吴修国主编@FWu Xiu Guo Zhu Bian |
| 210 | @a北京@c清华大学出版社@d2009 | |
| 215 | @a266页@d26cm | |
| 300 | @a高等学校教材计算机科学与技术 | |
| 330 | @a本书内容包括:数理逻辑及实用算法、集合与关系及实用算法、代数系统及实用算法、图论及实用算法。 | |
| 606 | 0 | @a离散数学@x高等学校@j教材 |
| 606 | 0 | @a算法理论@x高等学校@j教材 |
| 606 | 0 | @a离散数学 |
| 606 | 0 | @a算法理论 |
| 690 | @aO158@v4 | |
| 690 | @aO241@v4 | |
| 701 | 0 | @a吴修国@AWu Xiu Guo@4主编 |
| 801 | 0 | @aCN@bTANGWEI@c20100303 |
| 905 | @b0583592-94@dO158@e92@f3 | |
| 离散数学基础及实用算法/吴修国主编.-北京:清华大学出版社,2009 |
| 266页;26cm |
| 高等学校教材计算机科学与技术 |
| ISBN 978-7-302-19762-1:CNY26.00 |
| 本书内容包括:数理逻辑及实用算法、集合与关系及实用算法、代数系统及实用算法、图论及实用算法。 |
| ● |
| 相关链接 |
|
|
|
|
正题名:离散数学基础及实用算法
索取号:O158/92
 
预约/预借
| 序号 | 登录号 | 条形码 | 馆藏地/架位号 | 状态 | 备注 |
| 1 | 0583592 | 205835925 | 第二样本阅览室/ [索取号:O158/92] | 在馆 | |
| 2 | 0583593 | 205835934 | 第三借阅区/ [索取号:O158/92] | 在馆 | |
| 3 | 0583594 | 205835943 | 第三借阅区/ [索取号:O158/92] | 在馆 |